000 00667 a2200193 4500
999 _c2788
_d2788
020 _a039435642X (pbk.)
050 0 0 _aLB 1055 CLA 1987
100 1 _aClarizio, Harvey F.
_eAuthor
245 1 0 _aContemporary issues in educational psychology /
_cHarvey F. Clarizio, Robert C. Craig, William A. Mehrens.
250 _a5th ed.
264 _aNew York:
_bMcGraw-Hill Book Company,
_c1987
300 _axv, 351p. :
_bill.
500 _aIncludes bibliographies and indexes.
504 _aIncludes bibliographies and indexes.
650 0 _aEducational psychology.
700 1 _aCraig, Robert C.
700 1 _aMehrens, William A.
942 _2lcc
_cBK
_e5th ed.
_h1055
_iCLA
_kLB